| 000 | 01223nam2a2200289 4500 | ||
|---|---|---|---|
| 001 | RU\NLR\b_ik\193774 | ||
| 005 | 20250616231224.0 | ||
| 010 | _a978-5-4253-0190-1 | ||
| 021 |
_aRU _b2012-4401 _9319 |
||
| 035 | _a(NLR Aleph) 002266204 | ||
| 090 |
_a3887346 _c3887346 |
||
| 100 | _a20120215d2011 |||y0rusy50 ca | ||
| 101 | 0 |
_aeng _arus |
|
| 102 | _aRU | ||
| 105 | _ay ||||||||| | ||
| 200 | 1 | _aExercises grammar | |
| 215 | _a32 с. | ||
| 300 | _aЗагл. обл.: Exercises grammar | ||
| 461 | 0 |
_1001RU\NLR\b_ik\197898 _12001#$aEnglish creative$v[8] _93940817 _aBystrova, M. A. (преподаватель, англ. и нем. языки ; 1981-) _cМосква _d2011 _f[M. Bystrova] _iIntermediate level _nВаш полиграфический партнер _oкурс разговорного английского _tEnglish creative _v[8] |
|
| 512 | 1 |
_6z45790 _aExercises grammar |
|
| 541 | 0 |
_aГрамматические упражнения _zrus |
|
| 790 | 1 |
_4070 _aBystrova _bM. A. _cпреподаватель, англ. и нем. языки _f1981- _gMarina Anatol'evna _9171147 _3RU\NLR\AUTH\770171197 |
|
| 801 | 0 |
_aRU _bNLR _c20120215 _gRCR |
|
| 801 | 1 |
_aRU _bNLR _c20120215 |
|
| 942 | _cBOOK | ||
| 980 | _aNB | ||